00374 a2200121 4500001001000000005001700010008004100027245005100068100002900119700002100148773006800169999001500237ART_2594420260410161603.0260409a 10aComentarios acerca del texto ordenado CPCECABA1 aMontanini, Gustavo Amado1 aWainstein, Mario0 tProfesional & Empresariag- Año IV, Nº 50 (nov. 2003)wREV70 c9899d9899